Význam intelektuálneho kapitálu a jeho dosah na vzdelávanie zamestnancov v organizáciách
Podstata intelektuálneho kapitálu. Znalostný manažment. Význam prikladaný znalostiam vo svete. Intelektuálny kapitál ako duševné vlastníctvo. Podpora tvorivého myslenia. Vzdelávanie zamestnancov v organizáciách. Systematické vzdelávanie ako podnet k samostatnému rozvoju zamestnancov. Efektívnosť vzd...
Salvato in:
| Autore principale: | |
|---|---|
| Natura: | Capitolo di libro |
| Lingua: | slovacco |
| Soggetti: | |
| Tags: |
Nessun Tag, puoi essere il primo ad aggiungerne!!
|
MARC
| LEADER | 00000naa a2200000 4500 | ||
|---|---|---|---|
| 001 | 0123330 | ||
| 005 | 20231109102714.9 | ||
| 041 | 0 | |a slo | |
| 044 | |a SK | ||
| 245 | 1 | 0 | |a Význam intelektuálneho kapitálu a jeho dosah na vzdelávanie zamestnancov v organizáciách |c Jana Jarošová |
| 520 | |a Podstata intelektuálneho kapitálu. Znalostný manažment. Význam prikladaný znalostiam vo svete. Intelektuálny kapitál ako duševné vlastníctvo. Podpora tvorivého myslenia. Vzdelávanie zamestnancov v organizáciách. Systematické vzdelávanie ako podnet k samostatnému rozvoju zamestnancov. Efektívnosť vzdelávania. Formy vzdelávania. Vízia budúcnosti - vzdelávanie na mieru. | ||
| 610 | 2 | 0 | |a kapitál intelektuálny |
| 610 | 2 | 0 | |a vedomosti |
| 610 | 2 | 0 | |a manažment znalostný |
| 610 | 2 | 0 | |a vzdelávanie |
| 610 | 2 | 0 | |a zamestnanci |
| 610 | 2 | 0 | |a manažéri |
| 610 | 2 | 0 | |a koučovanie |
| 610 | 2 | 0 | |a vzdelávanie elektronické |
| 100 | 1 | |a Jarošová, Jana | |